Virtuosität in der Krise : Techniken der Selbstbehauptung im 17. Jahrhundert /
Virtuosität in der Frühen Neuzeit ist eine komplexe ästhetische Praxis, die in der Kunst über die Politik bis hin zur Ökonomie Wirkung zeigt. Der Begriff des Virtuosen/der Virtuosin, dessen Semantik heute vom Kunstdiskurs des 19. Jahrhunderts geprägt ist, hat im 17. Jahrhundert ein sehr viel weitere...
مؤلفون آخرون:
التنسيق: كتاب الكتروني
اللغة:
English
German
منشور في:
Paderborn :
Ferdinand Schöningh, Brill | Fink,
2025.
سلاسل:
Poesis ;
4.
Schöningh and Fink Literature and Culture Studies E-Books Online, Collection 2025.
الموضوعات:
الوصول للمادة أونلاين: Login to view Source
الوسوم: إضافة وسم
رقم الطلب: PK6530
| LEADER | 02971nam a22005178i 4500 | ||
|---|---|---|---|
| 001 | BRILL9783846769829 | ||
| 003 | nllekb | ||
| 005 | 20251230231215.0 | ||
| 006 | m d | ||
| 007 | cr un uuuua | ||
| 008 | 250731s2025 gw sb 001 0 eng d | ||
| 020 | |a 9783846769829 |q (electronic book) | ||
| 020 | |z 9783770569823 |q (print) | ||
| 024 | 7 | |a 10.30965/9783846769829 |2 DOI | |
| 035 | |z (OCoLC)1518694265 | ||
| 040 | |a NL-LeKB |c NL-LeKB |e rda | ||
| 041 | |a ger | ||
| 050 | 4 | |a PK6530 | |
| 072 | 7 | |a DSBD |2 bicssc | |
| 072 | 7 | |a LIT |x 011000 |2 bisacsh | |
| 072 | 7 | |a LIT |x 015000 |2 bisacsh | |
| 072 | 7 | |a LIT |x 019000 |2 bisacsh | |
| 082 | 0 | 4 | |a 800 |2 23 |
| 245 | 0 | 0 | |a Virtuosität in der Krise : |b Techniken der Selbstbehauptung im 17. Jahrhundert / |c edited by Mireille Schnyder. |
| 246 | 3 | |a Techniken der Selbstbehauptung im 17. Jahrhundert | |
| 264 | 1 | |a Paderborn : |b Ferdinand Schöningh, Brill | Fink, |c 2025. | |
| 264 | 4 | |c ©2025 | |
| 300 | |a 1 online resource (200 pages) : |b illustrations. | ||
| 336 | |a text |b txt |2 rdacontent | ||
| 337 | |a computer |b c |2 rdamedia | ||
| 338 | |a online resource |2 rdacarrier | ||
| 490 | 1 | |a Poesis ; |v 4 | |
| 490 | 1 | |a Schöningh and Fink Literature and Culture Studies E-Books Online, Collection 2025 | |
| 504 | |a Includes bibliographical references and index. | ||
| 520 | |a Virtuosität in der Frühen Neuzeit ist eine komplexe ästhetische Praxis, die in der Kunst über die Politik bis hin zur Ökonomie Wirkung zeigt. Der Begriff des Virtuosen/der Virtuosin, dessen Semantik heute vom Kunstdiskurs des 19. Jahrhunderts geprägt ist, hat im 17. Jahrhundert ein sehr viel weiteres Bedeutungsfeld. Zwischen bewundernswerter Kunstfertigkeit und moralisch fragwürdiger Täuschung ist Virtuosität eng verknüpft mit überlebensstrategischer Geschicklichkeit und einem gekonnten Spiel mit Erwartungen, Wahrnehmungen und Affekten eines Publikums. Die Beiträge des Sammelbandes fragen nach Figuren und Phänomenen der Virtuosität und deren Verbindung zu krisenhaften Momenten; Gaukler und Geldwechsler geraten ebenso in den Blick wie die Gartenkunst der Renaissance oder die niederländische Kunst. Virtuosität zeigt sich in diesen Kontexten als imaginative Praxis, etwa in der Evokation utopischer oder grauenerregender Szenarien, aber insbesondere auch als Strategie der Selbstbehauptung. | ||
| 546 | |a German | ||
| 588 | |a Description based on print version record. | ||
| 650 | 0 | |a Literature and Cultural Studies. | |
| 650 | 0 | |a Literature, Arts & Science. | |
| 700 | 1 | |a Schnyder, Mireille, |e editor. | |
| 776 | 0 | 8 | |i Print version: |t Virtuosität in der Krise : Techniken der Selbstbehauptung im 17. Jahrhundert. |d Paderborn : Ferdinand Schöningh, Brill | Fink, 2025. |z 9783770569823 |
| 830 | 0 | |a Poesis ; |v 4. | |
| 830 | 0 | |a Schöningh and Fink Literature and Culture Studies E-Books Online, Collection 2025. | |
| 856 | 4 | |z DOI: |u http://dx.doi.org/10.30965/9783846769829 | |
| 942 | |2 lcc |c EBOOK | ||
| 999 | |c 61802 |d 61802 | ||
